Verso le vette dell'amore (Record n. 210982)
[ formato base ]
| 000 -LEADER | |
|---|---|
| fixed length control field | 01205nam a2200205Ia 4500 |
| 001 - CONTROL NUMBER | |
| control field | b6094-42469 |
| 003 - CONTROL NUMBER IDENTIFIER | |
| control field | IT-MiCISF |
| 008 - FIXED-LENGTH DATA ELEMENTS--GENERAL INFORMATION | |
| fixed length control field | 161014s9999||||xx |||||||||||||| ||und|| |
| 040 ## - CATALOGING SOURCE | |
| Original cataloging agency | IT-MiCISF |
| Transcribing agency | IT-MiCISF |
| 041 ## - LANGUAGE CODE | |
| Language code of text/sound track or separate title | it |
| 999 ## - SYSTEM CONTROL NUMBERS (KOHA) | |
| Koha Dewey Subclass [OBSOLETE] | si |
| 100 ## - MAIN ENTRY--PERSONAL NAME | |
| Personal name | Gusmitta Pier Luigi |
| 245 #0 - TITLE STATEMENT | |
| Title | Verso le vette dell'amore |
| Remainder of title | Percorsi di spiritualità coniugale e familiare 1 |
| 250 ## - EDITION STATEMENT | |
| Edition statement | 1a ed. |
| 260 ## - PUBLICATION, DISTRIBUTION, ETC. (IMPRINT) | |
| Place of publication, distribution, etc. | Bologna |
| Name of publisher, distributor, etc. | Dehoniane |
| Date of publication, distribution, etc. | 2006 |
| 300 ## - PHYSICAL DESCRIPTION | |
| Extent | pp. 194 |
| 500 ## - GENERAL NOTE | |
| General note | / spiritualità-coniugale, pastorale-familiare, magistero, matrimonio-sacramento, amore, chiesa-domestica / Prendendo come riferimento gli sviluppi della teologia sponsale e le riflessioni proposte durante le annuali "Settimane di Spiritualità Coniugale e Familiare", organizzate dall'Ufficio Nazionale per la Pastorale della Famiglia, l'A. ha pensato di offrire una sintesi globale delle prospettive e dei percorsi della vita cristiana delle famiglie. Ha anche raccolto alcune schede di lavoro già utilizzate negli incontri dei gruppi familiari, che si rivelano sempre un luogo pastoralmente significativo per l'accompagnamento degli sposi. |
| 650 ## - SUBJECT ADDED ENTRY--TOPICAL TERM | |
| Topical term or geographic name as entry element | Temi di pastorale / pastorale-familiare |
| Relator term | 012 |
| 942 ## - ADDED ENTRY ELEMENTS (KOHA) | |
| Koha item type | LIBRO |
| 957 ## - | |
| -- | 1 |
| 999 ## - SYSTEM CONTROL NUMBERS (KOHA) | |
| -- | 1 |
| Withdrawn status | Lost status | Damaged status | Not for loan | Home library | Current library | Date acquired | Total Checkouts | Full call number | Date last seen | Price effective from | Koha item type | Public note |
|---|---|---|---|---|---|---|---|---|---|---|---|---|
| Buone Condizioni | Not For Loan | CISF - Milano | CISF - Milano | 14/10/2016 | b6094-42469 | 14/10/2016 | 14/10/2016 | LIBRO | Data import 15.10.2016 / by Epidotti, Vaglietti |